00414nam a2200145Ia 4500008004100000020001500041041000800056082001800064100003900082245006200121250000600183260003600189300001200225650003100237210716s2002 xx 000 0 und d a0130894974 aeng a658.3124 WEXK aWexley, Kenneth N; Latham, Gary P. aDeveloping and training human resources in organizations. a3 aNew JerseybPrentice Hallc2002 axiv,354 aHuman Resource Development